[Event "NB I. Charousek csoport"]
[Site "Balatonfured"]
[Date "2023.11.26"]
[Round "4.5"]
[White "Bodrogi, Bendeguz"]
[Black "Glatt, Gabor"]
[Result "1-0"]
[WhiteElo "2281"]
[BlackElo "2192"]
[PlyCount "72"]
[EventDate "2023.10.08"]
[EventType "team-tourn"]
[EventRounds "11"]
[EventCountry "HUN"]
[Source "chess.hu"]
[WhiteTeam "ASE II. Paks"]
[BlackTeam "Balatonfuredi SC"]
[WhiteTeamCountry "HUN"]
[BlackTeamCountry "HUN"]

1. Nf3 Nf6 2. g3 g6 3. Bg2 Bg7 4. O-O O-O 5. d4 d6 6. Nc3 c6 7. a4 a5 8. b3 Na6
9. Bb2 Qb6 10. e4 Nd7 11. Qe2 e5 12. d5 c5 13. Nd2 Qd8 14. Nb5 Nb6 15. f4 exf4
16. Bxg7 Kxg7 17. Rxf4 Nc7 18. Raf1 Nxb5 19. Qxb5 Bd7 20. Qd3 Qe7 21. Rf6 Bf5
22. R6xf5 gxf5 23. Rxf5 Nd7 24. Bh3 Ne5 25. Qe2 Rae8 26. Rh5 h6 27. Bf5 Qf6 28.
Kg2 Re7 29. Nf1 Ng6 30. Qd2 Rh8 31. c3 Kf8 32. Ne3 Ne5 33. Qe2 Rg8 34. Qb5 Ng6
35. Ng4 Qxc3 36. Qb6 Nf4+ 1-0

[Event "NB I. Charousek csoport"]
[Site "Balatonfured"]
[Date "2023.11.26"]
[Round "4.6"]
[White "Bodnar, Zoltan"]
[Black "Bernath, Bence"]
[Result "1-0"]
[WhiteElo "2102"]
[BlackElo "2260"]
[PlyCount "95"]
[EventDate "2023.10.08"]
[EventType "team-tourn"]
[EventRounds "11"]
[EventCountry "HUN"]
[Source "chess.hu"]
[WhiteTeam "Balatonfuredi SC"]
[BlackTeam "ASE II. Paks"]
[WhiteTeamCountry "HUN"]
[BlackTeamCountry "HUN"]

1. d4 Nf6 2. c4 d6 3. Nc3 Nbd7 4. e4 e5 5. Nf3 g6 6. Be2 Bg7 7. O-O O-O 8. Be3
c6 9. d5 c5 10. Ne1 Ne8 11. g4 f5 12. gxf5 gxf5 13. exf5 Nb6 14. Kh1 Bxf5 15.
Rg1 Kh8 16. Nf3 e4 17. Ng5 Bxc3 18. bxc3 Qe7 19. Bg4 Nxc4 20. Bxf5 Rxf5 21. Qg4
Nxe3 22. fxe3 Rxd5 23. Raf1 Nf6 24. Qe6 Qxe6 25. Nxe6 Rg8 26. Rxf6 Rxg1+ 27.
Kxg1 h5 28. Rh6+ Kg8 29. Nf4 Rd1+ 30. Kf2 Rd2+ 31. Kg3 b5 32. Rxh5 Rxa2 33. Nd5
a5 34. Kf4 a4 35. Rg5+ Kf7 36. Kxe4 Rxh2 37. Rf5+ Kg7 38. Nc7 b4 39. cxb4 cxb4
40. Ne8+ Kg6 41. Rf6+ Kg5 42. Rf5+ Kg6 43. Rf6+ Kh7 44. Rf7+ Kg8 45. Ra7 b3 46.
Nf6+ Kf8 47. Kf5 Rf2+ 48. Ke6 1-0

[Event "NB I. Charousek csoport"]
[Site "Balatonfured"]
[Date "2023.11.26"]
[Round "4.7"]
[White "Ivan-Gal, Hanna Krisztina"]
[Black "Forgacs, Attila"]
[Result "1/2-1/2"]
[WhiteElo "2196"]
[BlackElo "2047"]
[PlyCount "123"]
[EventDate "2023.10.08"]
[EventType "team-tourn"]
[EventRounds "11"]
[EventCountry "HUN"]
[Source "chess.hu"]
[WhiteTeam "ASE II. Paks"]
[BlackTeam "Balatonfuredi SC"]
[WhiteTeamCountry "HUN"]
[BlackTeamCountry "HUN"]

1. e4 e5 2. Nf3 Nc6 3. Bb5 a6 4. Ba4 Nf6 5. d3 b5 6. Bb3 Be7 7. O-O O-O 8. Nc3
d6 9. a3 Na5 10. Ba2 c5 11. b4 Nc6 12. Nd5 Bg4 13. c3 a5 14. bxc5 dxc5 15. Be3
Qd6 16. h3 Bh5 17. Nxf6+ Bxf6 18. g4 Bg6 19. Bd5 Rac8 20. Rb1 b4 21. cxb4 cxb4
22. Nd2 Qd8 23. Qa4 Bg5 24. Kg2 Bxe3 25. fxe3 Ne7 26. Bc4 Rxc4 27. Nxc4 Qxd3
28. Nxe5 Bxe4+ 29. Nf3 Qe2+ 30. Kg3 Bxb1 31. Rxb1 Qd3 32. Qb3 Qd6+ 33. Kf2 bxa3
34. Ra1 Rb8 35. Qxa3 Qxa3 36. Rxa3 Nc6 37. Ke2 Kf8 38. Kd3 Ke7 39. Nd2 f6 40.
Nc4 Ra8 41. Kc3 Ke6 42. Nb6 Rb8 43. Nc4 Rb5 44. Ra1 Rc5 45. Kb3 h5 46. Ra4 hxg4
47. hxg4 Rb5+ 48. Kc3 Rb4 49. Ra3 Ne5 50. Nxe5 fxe5 51. Rxa5 Rxg4 52. Kd3 Kf5
53. Ke2 Rb4 54. Kf3 g5 55. Ra8 g4+ 56. Kg3 Ke4 57. Ra3 Rb1 58. Ra4+ Kxe3 59.
Kxg4 e4 60. Ra3+ Kd2 61. Ra2+ Kc3 62. Ra3+ 1/2-1/2

[Event "NB I. Charousek csoport"]
[Site "Balatonfured"]
[Date "2023.11.26"]
[Round "4.8"]
[White "Salavecz, Gergely"]
[Black "Benedeczky, Lehel Dr"]
[Result "1/2-1/2"]
[WhiteElo "2003"]
[BlackElo "2139"]
[PlyCount "87"]
[EventDate "2023.10.08"]
[EventType "team-tourn"]
[EventRounds "11"]
[EventCountry "HUN"]
[Source "chess.hu"]
[WhiteTeam "Balatonfuredi SC"]
[BlackTeam "ASE II. Paks"]
[WhiteTeamCountry "HUN"]
[BlackTeamCountry "HUN"]

1. e4 c6 2. d4 d5 3. Nc3 dxe4 4. Nxe4 Bf5 5. Ng3 Bg6 6. h4 h6 7. f4 e6 8. h5
Bh7 9. Nf3 Nf6 10. Bd3 Bxd3 11. Qxd3 c5 12. Ne4 Nxe4 13. Qxe4 Nc6 14. Be3 c4
15. c3 Qd5 16. Qc2 Be7 17. Ne5 b5 18. O-O O-O 19. Nxc6 Qxc6 20. f5 Rae8 21.
fxe6 Qxe6 22. Rae1 Qg4 23. Qd1 Qxd1 24. Rxd1 Ba3 25. Bc1 Bd6 26. Bf4 Bxf4 27.
Rxf4 Re2 28. Rf2 Rfe8 29. Kf1 R2e4 30. Rf5 a6 31. Rd2 Re1+ 32. Kf2 Ra1 33. a3
f6 34. Rc5 Kf7 35. d5 Re7 36. Rc6 Rh1 37. Rxa6 Rxh5 38. Rb6 Rf5+ 39. Kg1 Re1+
40. Kh2 Re3 41. Rxb5 Rd3 42. Re2 Rfxd5 43. Rb4 Rh5+ 44. Kg1 1/2-1/2

[Event "NB I. Charousek csoport"]
[Site "Balatonfured"]
[Date "2023.11.26"]
[Round "4.9"]
[White "Toth, Gergely"]
[Black "Vargyas, Zoltan"]
[Result "1/2-1/2"]
[WhiteElo "2134"]
[BlackElo "1919"]
[PlyCount "54"]
[EventDate "2023.10.08"]
[EventType "team-tourn"]
[EventRounds "11"]
[EventCountry "HUN"]
[Source "chess.hu"]
[WhiteTeam "ASE II. Paks"]
[BlackTeam "Balatonfuredi SC"]
[WhiteTeamCountry "HUN"]
[BlackTeamCountry "HUN"]

1. e4 Nf6 2. e5 Nd5 3. d4 d6 4. c4 Nb6 5. exd6 cxd6 6. Nc3 g6 7. Be3 Bg7 8. Rc1
O-O 9. Be2 d5 10. b3 Nc6 11. c5 e5 12. Nf3 Bg4 13. dxe5 Bxf3 14. Bxf3 Nxe5 15.
O-O d4 16. Bxb7 dxe3 17. cxb6 exf2+ 18. Rxf2 Rb8 19. Qxd8 Rfxd8 20. Be4 axb6
21. Rfc2 b5 22. g3 f5 23. Bd5+ Kh8 24. a3 Ng4 25. Bf3 Bd4+ 26. Kh1 Ne3 27. Rd2
g5 1/2-1/2

[Event "NB I. Charousek csoport"]
[Site "Balatonfured"]
[Date "2023.11.26"]
[Round "4.10"]
[White "Bartha, Sandor"]
[Black "Szegedy, Matyas"]
[Result "1/2-1/2"]
[WhiteElo "2000"]
[BlackElo "2097"]
[PlyCount "212"]
[EventDate "2023.10.08"]
[EventType "team-tourn"]
[EventRounds "11"]
[EventCountry "HUN"]
[Source "chess.hu"]
[WhiteTeam "Balatonfuredi SC"]
[BlackTeam "ASE II. Paks"]
[WhiteTeamCountry "HUN"]
[BlackTeamCountry "HUN"]

1. d4 Nf6 2. Nf3 e6 3. g3 c5 4. e3 b6 5. Bg2 Bb7 6. O-O Be7 7. dxc5 bxc5 8. b3
O-O 9. Bb2 d5 10. Nbd2 Nbd7 11. c4 a5 12. a4 Qb6 13. Rb1 Rad8 14. Qe2 Nb8 15.
Rfc1 d4 16. exd4 cxd4 17. Qe5 Bc5 18. Ne1 Bxg2 19. Kxg2 Nc6 20. Qe2 Nb4 21. Nd3
Qc6+ 22. Kg1 Nxd3 23. Qxd3 e5 24. f3 Rfe8 25. Ne4 Nxe4 26. fxe4 Rb8 27. Rf1 Rb7
28. Bc1 Reb8 29. Bd2 Bb4 30. Bxb4 Rxb4 31. Rfc1 Qc5 32. Kg2 R8b6 33. Rf1 Rh6
34. h3 Qc8 35. g4 Rg6 36. Kh2 Rgb6 37. Rf5 Qb8 38. Rf3 Rxa4 39. c5 Ra2+ 40. Kg3
Rb4 41. Rbf1 f6 42. Qa6 Qe8 43. Qd6 Rc2 44. Qd5+ Kh8 45. g5 Rb8 46. h4 Rd8 47.
Qb7 d3 48. Rd1 d2 49. gxf6 gxf6 50. Qb6 Qe7 51. Kf2 f5 52. Ke2 Qxh4 53. exf5
Qe4+ 54. Kf2 Qh4+ 55. Ke2 Rg8 56. Kd3 Rb2 57. Re3 Rd8+ 58. Ke2 Qh2+ 59. Kf1
Qh1+ 60. Kf2 Qh2+ 61. Kf1 Rf8 62. Qe6 Qf4+ 63. Ke2 Qg4+ 64. Rf3 Qe4+ 65. Kf2
Rc2 66. Qe7 Qd4+ 67. Ke2 Qe4+ 68. Kf2 Qd4+ 69. Ke2 Qxc5 70. f6 Rg8 71. Qxc5
Rxc5 72. Rxd2 Rg2+ 73. Kd1 Rxd2+ 74. Kxd2 Kg8 75. Kd3 Kf7 76. Ke4 Rb5 77. Kf5
h6 78. Ke4 h5 79. Kf5 Rd5 80. Re3 e4+ 81. Kxe4 Rb5 82. Rf3 h4 83. Kf4 Rh5 84.
Kg4 Rh6 85. Kg5 Rh8 86. Rc3 h3 87. Rc7+ Ke6 88. Re7+ Kd6 89. Re1 h2 90. f7 Rb8
91. Kf6 Kd7 92. Rd1+ Kc6 93. Rh1 Rxb3 94. Rxh2 Rf3+ 95. Ke7 Re3+ 96. Kf8 Rf3
97. Rh6+ Kb5 98. Ke7 Rxf7+ 99. Kxf7 a4 100. Ke6 a3 101. Rh8 Kb4 102. Kd5 a2
103. Ra8 Kb3 104. Kd4 Kb2 105. Kd3 a1=Q 106. Rxa1 Kxa1 1/2-1/2

[Event "NB I. Charousek csoport"]
[Site "Balatonfured"]
[Date "2023.11.26"]
[Round "4.11"]
[White "Berta, Tibor"]
[Black "Kun, Balint"]
[Result "1/2-1/2"]
[WhiteElo "2032"]
[BlackElo "1892"]
[PlyCount "85"]
[EventDate "2023.10.08"]
[EventType "team-tourn"]
[EventRounds "11"]
[EventCountry "HUN"]
[Source "chess.hu"]
[WhiteTeam "ASE II. Paks"]
[BlackTeam "Balatonfuredi SC"]
[WhiteTeamCountry "HUN"]
[BlackTeamCountry "HUN"]

1. d4 d5 2. Nf3 Nf6 3. Bf4 c5 4. c3 Nc6 5. e3 Qb6 6. Qb3 c4 7. Qxb6 axb6 8. Be2
Bf5 9. O-O h6 10. Nbd2 b5 11. Ne5 e6 12. a3 Nxe5 13. Bxe5 Nd7 14. Bg3 Nb6 15.
f3 Na4 16. e4 Bg6 17. Ra2 Kd7 18. Bd1 Bd6 19. Bxa4 bxa4 20. exd5 exd5 21. Bxd6
Kxd6 22. Re1 Rhe8 23. Raa1 Bd3 24. Nf1 Bxf1 25. Kxf1 Kd7 26. Kf2 Rxe1 27. Rxe1
Re8 28. Re5 Rxe5 29. dxe5 Ke6 30. f4 g5 31. Kf3 gxf4 32. Kxf4 b5 33. g4 d4 34.
cxd4 b4 35. Ke4 c3 36. d5+ Ke7 37. Kd3 cxb2 38. Kc2 bxa3 39. h4 f6 40. d6+ Ke6
41. d7 Kxd7 42. exf6 Ke6 43. g5 1/2-1/2

[Event "NB I. Charousek csoport"]
[Site "Ajka"]
[Date "2023.11.26"]
[Round "4.1"]
[White "Margl, Roland"]
[Black "Varga, Zoltan"]
[Result "0-1"]
[WhiteElo "2334"]
[BlackElo "2371"]
[PlyCount "68"]
[EventDate "2023.10.08"]
[EventType "team-tourn"]
[EventRounds "11"]
[EventCountry "HUN"]
[Source "chess.hu"]
[WhiteTeam "Szechenyi ESE Gyor"]
[BlackTeam "Sentimento Ajka BSK"]
[WhiteTeamCountry "HUN"]
[BlackTeamCountry "HUN"]

1. d4 d5 2. Nf3 Nf6 3. c4 dxc4 4. e3 Be6 5. Na3 c5 6. Bxc4 Bxc4 7. Nxc4 cxd4 8.
Nxd4 Qd5 9. Qa4+ Nbd7 10. O-O Rc8 11. Na5 a6 12. Ne2 b6 13. Nb3 e6 14. Nbd4 e5
15. Nf5 b5 16. Qb3 Qe6 17. Qxe6+ fxe6 18. Nfg3 h5 19. Nc3 b4 20. Nce4 a5 21.
Nxf6+ gxf6 22. Ne4 f5 23. Ng5 Rg8 24. Nxe6 Be7 25. f4 Kf7 26. Ng5+ Bxg5 27.
fxg5 Rxg5 28. Rf2 Nf6 29. b3 Ne4 30. Re2 Rc3 31. g3 Rg6 32. a3 Rgc6 33. Bb2 Rc2
34. Ra2 Nd2 0-1

[Event "NB I. Charousek csoport"]
[Site "Ajka"]
[Date "2023.11.26"]
[Round "4.2"]
[White "Czebe, Attila"]
[Black "Gyurkovics, Bence Dr"]
[Result "1-0"]
[WhiteElo "2365"]
[BlackElo "2272"]
[PlyCount "61"]
[EventDate "2023.10.08"]
[EventType "team-tourn"]
[EventRounds "11"]
[EventCountry "HUN"]
[Source "chess.hu"]
[WhiteTeam "Sentimento Ajka BSK"]
[BlackTeam "Szechenyi ESE Gyor"]
[WhiteTeamCountry "HUN"]
[BlackTeamCountry "HUN"]

1. e4 c6 2. Nf3 d5 3. d3 g6 4. Qe2 Bg7 5. e5 Bg4 6. Nbd2 Qb6 7. h3 Bxf3 8. Nxf3
e6 9. d4 Nd7 10. a4 Bh6 11. a5 Qd8 12. Bxh6 Nxh6 13. h4 Qe7 14. Qd2 Qf8 15. a6
b6 16. h5 O-O-O 17. Qc3 Nb8 18. b4 Kc7 19. Be2 Nf5 20. g4 Ne7 21. h6 Nc8 22.
Rh3 Qe7 23. Qd2 Rdf8 24. b5 c5 25. c4 dxc4 26. d5 exd5 27. Qxd5 Nd7 28. Bxc4 f6
29. Rd1 fxe5 30. Qc6+ Kd8 31. Be6 1-0

[Event "NB I. Charousek csoport"]
[Site "Ajka"]
[Date "2023.11.26"]
[Round "4.3"]
[White "Csidey, Csongor"]
[Black "Horvath, Peter"]
[Result "1/2-1/2"]
[WhiteElo "2055"]
[BlackElo "2381"]
[PlyCount "49"]
[EventDate "2023.10.08"]
[EventType "team-tourn"]
[EventRounds "11"]
[EventCountry "HUN"]
[Source "chess.hu"]
[WhiteTeam "Szechenyi ESE Gyor"]
[BlackTeam "Sentimento Ajka BSK"]
[WhiteTeamCountry "HUN"]
[BlackTeamCountry "HUN"]

1. e4 c5 2. c3 d5 3. exd5 Qxd5 4. d4 Nf6 5. Nf3 e6 6. Na3 Nc6 7. Be3 cxd4 8.
Nb5 Qd8 9. Nbxd4 Nxd4 10. Bxd4 Be7 11. Bb5+ Bd7 12. Bxf6 Bxf6 13. Qxd7+ Qxd7
14. Bxd7+ Kxd7 15. O-O-O+ Ke7 16. Rhe1 Rad8 17. Re4 Rxd1+ 18. Kxd1 Rd8+ 19. Kc2
Rd5 20. Rc4 Rd7 21. Ra4 a6 22. Rb4 g5 23. h3 h6 24. Nd2 Ke8 25. Nb3 1/2-1/2

[Event "NB I. Charousek csoport"]
[Site "Ajka"]
[Date "2023.11.26"]
[Round "4.4"]
[White "Egresi, Mate"]
[Black "Csuta, Akos Koppany"]
[Result "1-0"]
[WhiteElo "2367"]
[BlackElo "2107"]
[PlyCount "69"]
[EventDate "2023.10.08"]
[EventType "team-tourn"]
[EventRounds "11"]
[EventCountry "HUN"]
[Source "chess.hu"]
[WhiteTeam "Sentimento Ajka BSK"]
[BlackTeam "Szechenyi ESE Gyor"]
[WhiteTeamCountry "HUN"]
[BlackTeamCountry "HUN"]

1. e4 c5 2. Nf3 e6 3. c3 d5 4. exd5 exd5 5. d4 Nc6 6. Bb5 Nf6 7. O-O Be7 8.
dxc5 O-O 9. b4 Bg4 10. Qd3 a5 11. Bxc6 bxc6 12. Ne5 Qc7 13. Re1 Rfe8 14. Qd4
Bf5 15. Nd2 Ne4 16. Nxe4 dxe4 17. Nc4 Bf6 18. Qe3 axb4 19. Bd2 bxc3 20. Bxc3
Be7 21. a4 Red8 22. Nb6 Ra6 23. Rad1 Be6 24. a5 f5 25. Rd4 Kf7 26. Rdd1 Bd5 27.
Qh3 Qf4 28. Qxh7 Qg5 29. Re3 f4 30. Rh3 e3 31. Nxd5 exf2+ 32. Kf1 Qg4 33. Qh5+
Qxh5 34. Rxh5 Bxc5 35. Ne3 1-0

[Event "NB I. Charousek csoport"]
[Site "Ajka"]
[Date "2023.11.26"]
[Round "4.5"]
[White "Papp, Gabor Dr"]
[Black "Jakab, Attila"]
[Result "0-1"]
[WhiteElo "2018"]
[BlackElo "2269"]
[PlyCount "70"]
[EventDate "2023.10.08"]
[EventType "team-tourn"]
[EventRounds "11"]
[EventCountry "HUN"]
[Source "chess.hu"]
[WhiteTeam "Szechenyi ESE Gyor"]
[BlackTeam "Sentimento Ajka BSK"]
[WhiteTeamCountry "HUN"]
[BlackTeamCountry "HUN"]

1. d4 Nf6 2. Nf3 e6 3. Bf4 b6 4. e3 Bb7 5. Nbd2 Be7 6. c3 O-O 7. Bd3 d6 8. Qc2
Nbd7 9. O-O Re8 10. e4 Nf8 11. e5 Nd5 12. Bg3 f5 13. exf6 gxf6 14. Rfe1 f5 15.
h3 a6 16. Re2 Bf6 17. Rae1 Qd7 18. a3 Ng6 19. Bc4 Ngf4 20. Bxf4 Nxf4 21. Bxe6+
Rxe6 22. Rxe6 Qg7 23. g3 Nxe6 24. Rxe6 Rf8 25. Kh2 Bc8 26. Re1 Qh6 27. h4 Qh5
28. Qd3 f4 29. Qe4 Bd8 30. Kg2 Qg4 31. Ng5 Bxg5 32. Qd5+ Kh8 33. Qxg5 Qh3+ 34.
Kg1 fxg3 35. fxg3 Bb7 0-1

[Event "NB I. Charousek csoport"]
[Site "Ajka"]
[Date "2023.11.26"]
[Round "4.6"]
[White "Martini, Balazs"]
[Black "Pram, Imre"]
[Result "1-0"]
[WhiteElo "2336"]
[BlackElo "2034"]
[PlyCount "57"]
[EventDate "2023.10.08"]
[EventType "team-tourn"]
[EventRounds "11"]
[EventCountry "HUN"]
[Source "chess.hu"]
[WhiteTeam "Sentimento Ajka BSK"]
[BlackTeam "Szechenyi ESE Gyor"]
[WhiteTeamCountry "HUN"]
[BlackTeamCountry "HUN"]

1. Nf3 d5 2. e3 Nf6 3. c4 e6 4. b3 Be7 5. Bb2 b6 6. Be2 Bb7 7. O-O O-O 8. Nc3
Nbd7 9. d4 c5 10. cxd5 cxd4 11. Qxd4 exd5 12. Rfd1 Nc5 13. Qf4 Ne6 14. Qf5 g6
15. Qc2 Rc8 16. Rac1 Qc7 17. Qb1 Qb8 18. Qa1 Rfd8 19. Nb5 Nd7 20. Ne5 Rxc1 21.
Rxc1 Ndc5 22. Ng4 Nd7 23. Nh6+ Kf8 24. Bg4 f5 25. Nc7 Qxc7 26. Rxc7 Nxc7 27.
Bg7+ Ke8 28. Nxf5 gxf5 29. Bh5# 1-0

[Event "NB I. Charousek csoport"]
[Site "Ajka"]
[Date "2023.11.26"]
[Round "4.7"]
[White "Szabo, Laszlo"]
[Black "Cseke, Richard"]
[Result "0-1"]
[WhiteElo "1983"]
[BlackElo "2280"]
[PlyCount "46"]
[EventDate "2023.10.08"]
[EventType "team-tourn"]
[EventRounds "11"]
[EventCountry "HUN"]
[Source "chess.hu"]
[WhiteTeam "Szechenyi ESE Gyor"]
[BlackTeam "Sentimento Ajka BSK"]
[WhiteTeamCountry "HUN"]
[BlackTeamCountry "HUN"]

1. e4 c5 2. Nf3 Nc6 3. d4 cxd4 4. Nxd4 Nf6 5. Nc3 d6 6. Bc4 e6 7. Be3 Be7 8.
Qe2 a6 9. Bb3 Bd7 10. O-O O-O 11. f3 b5 12. Nxc6 Bxc6 13. Rad1 Qc7 14. Bd4 b4
15. Na4 Bb5 16. Qe3 e5 17. Bb6 Qc6 18. Bd5 Nxd5 19. exd5 Qxc2 20. Rc1 Qxa4 21.
b3 Qa3 22. Rf2 h6 23. Rfc2 Rab8 0-1

[Event "NB I. Charousek csoport"]
[Site "Ajka"]
[Date "2023.11.26"]
[Round "4.8"]
[White "Konyves, Almos"]
[Black "Molnar, Gabor"]
[Result "1-0"]
[WhiteElo "2301"]
[BlackElo "1967"]
[PlyCount "35"]
[EventDate "2023.10.08"]
[EventType "team-tourn"]
[EventRounds "11"]
[EventCountry "HUN"]
[Source "chess.hu"]
[WhiteTeam "Sentimento Ajka BSK"]
[BlackTeam "Szechenyi ESE Gyor"]
[WhiteTeamCountry "HUN"]
[BlackTeamCountry "HUN"]

1. d4 Nf6 2. c4 e5 3. dxe5 Ng4 4. Bf4 Bb4+ 5. Nd2 Nc6 6. Ngf3 Qe7 7. e3 Ncxe5
8. Nxe5 Nxe5 9. Be2 d6 10. O-O Bxd2 11. Qxd2 O-O 12. Qc3 Ng6 13. Bg3 f5 14.
Rfe1 f4 15. exf4 Nxf4 16. Bxf4 Rxf4 17. Bh5 Re4 18. Rxe4 1-0

[Event "NB I. Charousek csoport"]
[Site "Ajka"]
[Date "2023.11.26"]
[Round "4.9"]
[White "Kocsis, Tihamer"]
[Black "Kolimar, Kristof Pal"]
[Result "1/2-1/2"]
[WhiteElo "1883"]
[BlackElo "2274"]
[PlyCount "81"]
[EventDate "2023.10.08"]
[EventType "team-tourn"]
[EventRounds "11"]
[EventCountry "HUN"]
[Source "chess.hu"]
[WhiteTeam "Szechenyi ESE Gyor"]
[BlackTeam "Sentimento Ajka BSK"]
[WhiteTeamCountry "HUN"]
[BlackTeamCountry "HUN"]

1. e4 c5 2. Nc3 e6 3. f4 d5 4. Nf3 dxe4 5. Nxe4 Nc6 6. Bb5 Bd7 7. Qe2 Be7 8. b3
Nh6 9. Bb2 Nf5 10. O-O-O O-O 11. Bxc6 Bxc6 12. g4 Nd4 13. Nxd4 cxd4 14. Rhg1 d3
15. Qxd3 Qxd3 16. cxd3 Rac8 17. Bc3 Rfd8 18. Kb2 Rxd3 19. Rde1 Bh4 20. Ng3 Bd8
21. Nh5 Bb6 22. Rg3 Rxg3 23. Nxg3 Bf3 24. g5 h5 25. gxh6 g6 26. Ne4 Bxe4 27.
Rxe4 Kh7 28. Bg7 Rc5 29. Rc4 Rxc4 30. bxc4 Bc7 31. Be5 Bxe5+ 32. fxe5 Kxh6 33.
d4 Kg5 34. Kc3 Kf4 35. Kd3 g5 36. h3 b6 37. a3 a6 38. a4 a5 39. Kd2 Ke4 40. Kc3
Kf5 41. Kd3 1/2-1/2

[Event "NB I. Charousek csoport"]
[Site "Ajka"]
[Date "2023.11.26"]
[Round "4.10"]
[White "Danada, Tomas"]
[Black "Horvath, Laszlo"]
[Result "1-0"]
[WhiteElo "2214"]
[BlackElo "1884"]
[PlyCount "49"]
[EventDate "2023.10.08"]
[EventType "team-tourn"]
[EventRounds "11"]
[EventCountry "HUN"]
[Source "chess.hu"]
[WhiteTeam "Sentimento Ajka BSK"]
[BlackTeam "Szechenyi ESE Gyor"]
[WhiteTeamCountry "HUN"]
[BlackTeamCountry "HUN"]

1. d4 Nf6 2. c4 e6 3. g3 Bb4+ 4. Nd2 d5 5. Bg2 O-O 6. Ngf3 b6 7. Ne5 Bb7 8. O-O
Nbd7 9. Qa4 Bxd2 10. Bxd2 Nxe5 11. dxe5 Ne4 12. Be3 Qe7 13. Rfd1 c6 14. Rac1
Nc5 15. Qa3 Rfe8 16. Bxc5 Qxc5 17. Qxc5 bxc5 18. e3 Rac8 19. Rc3 Red8 20. Ra3
d4 21. exd4 Rxd4 22. Rxd4 cxd4 23. Rxa7 Ba8 24. Kf1 Kf8 25. b4 1-0

[Event "NB I. Charousek csoport"]
[Site "Ajka"]
[Date "2023.11.26"]
[Round "4.11"]
[White "Gulacsi, Donat Ferenc"]
[Black "Pasti, Anna"]
[Result "1/2-1/2"]
[WhiteElo "1850"]
[BlackElo "2005"]
[PlyCount "76"]
[EventDate "2023.10.08"]
[EventType "team-tourn"]
[EventRounds "11"]
[EventCountry "HUN"]
[Source "chess.hu"]
[WhiteTeam "Szechenyi ESE Gyor"]
[BlackTeam "Sentimento Ajka BSK"]
[WhiteTeamCountry "HUN"]
[BlackTeamCountry "HUN"]

1. d4 Nf6 2. Nf3 g6 3. e3 Bg7 4. Nbd2 d6 5. b3 O-O 6. Bb2 Nfd7 7. Be2 Nc6 8.
O-O e5 9. dxe5 Ndxe5 10. Rb1 Qe7 11. Nxe5 dxe5 12. Bf3 Rd8 13. Bxc6 bxc6 14.
Qe2 a5 15. Nc4 Ba6 16. e4 Qc5 17. Rfd1 Bxc4 18. Qxc4 Qxc4 19. bxc4 f5 20. f3
Kf7 21. Kf2 fxe4 22. fxe4 Ke6 23. Ke2 Rxd1 24. Rxd1 Bf8 25. Rd3 Bc5 26. Rh3 Rb8
27. Ba3 Bxa3 28. Rxa3 Rb4 29. Kd3 a4 30. g3 Kd6 31. c3 Rb2 32. Ke3 Rc2 33. Rxa4
Rxh2 34. Kf3 Rc2 35. Ra3 Kc5 36. Ra5+ Kxc4 37. Rxe5 Rxc3+ 38. Kf4 Rc2 1/2-1/2

[Event "NB I. Charousek csoport"]
[Site "Ajka"]
[Date "2023.11.26"]
[Round "4.12"]
[White "Pasti, Zsombor"]
[Black "Fulop, Julia Paula"]
[Result "1-0"]
[WhiteElo "2085"]
[BlackElo "1363"]
[PlyCount "115"]
[EventDate "2023.10.08"]
[EventType "team-tourn"]
[EventRounds "11"]
[EventCountry "HUN"]
[Source "chess.hu"]
[WhiteTeam "Sentimento Ajka BSK"]
[BlackTeam "Szechenyi ESE Gyor"]
[WhiteTeamCountry "HUN"]
[BlackTeamCountry "HUN"]

1. e4 c5 2. d4 d6 3. Bc4 Nc6 4. Nf3 g6 5. O-O Bg7 6. c3 e6 7. Re1 Nge7 8. Be3
d5 9. exd5 exd5 10. Bb5 c4 11. Nbd2 O-O 12. Bf4 a6 13. Ba4 b5 14. Bc2 Re8 15.
b3 b4 16. Nb1 bxc3 17. Nxc3 Bg4 18. Ne2 Bxf3 19. gxf3 Qd7 20. Rc1 Qh3 21. Bg3
cxb3 22. Bxb3 Qf5 23. Ba4 Rec8 24. Qb3 Bxd4 25. Bxc6 Nxc6 26. Rxc6 Bxf2+ 27.
Kxf2 Rxc6 28. Nd4 Qf6 29. Nxc6 Qxc6 30. Qe3 Qc2+ 31. Re2 Qf5 32. Bf4 f6 33.
Qe6+ Qxe6 34. Rxe6 Kf7 35. Rd6 Rc8 36. Rxa6 Rc2+ 37. Kg3 g5 38. Be3 Rc3 39.
Rxf6+ Ke7 40. Bxg5 Kd7 41. Rf7+ Ke6 42. Rxh7 Kf5 43. h4 Ra3 44. Rf7+ Kg6 45.
Rf6+ Kg7 46. h5 Rxa2 47. h6+ Kg8 48. Rg6+ Kh7 49. Re6 Ra7 50. Re7+ Rxe7 51.
Bxe7 Kxh6 52. Kf4 d4 53. Ke4 Kg6 54. f4 d3 55. Kxd3 Kf5 56. Bg5 Kg6 57. Ke4 Kf7
58. f5 1-0

[Event "NB I. Charousek csoport"]
[Site "Szombathely"]
[Date "2023.11.26"]
[Round "4.1"]
[White "Csiszar, Csaba"]
[Black "Csonka, Attila Istvan"]
[Result "1/2-1/2"]
[WhiteElo "2373"]
[BlackElo "2295"]
[PlyCount "23"]
[EventDate "2023.10.08"]
[EventType "team-tourn"]
[EventRounds "11"]
[EventCountry "HUN"]
[Source "chess.hu"]
[WhiteTeam "Komloi BSK"]
[BlackTeam "Haladas VSE II."]
[WhiteTeamCountry "HUN"]
[BlackTeamCountry "HUN"]

1. d4 Nf6 2. Nf3 e6 3. Bg5 d5 4. Nbd2 Be7 5. e3 Nbd7 6. Bd3 O-O 7. c3 c5 8. Qb1
h6 9. Bf4 Nh5 10. Be5 f5 11. h3 Nhf6 12. Bh2 1/2-1/2

[Event "NB I. Charousek csoport"]
[Site "Szombathely"]
[Date "2023.11.26"]
[Round "4.2"]
[White "Kiss, Attila"]
[Black "Karsa, Laszlo"]
[Result "1/2-1/2"]
[WhiteElo "2298"]
[BlackElo "2318"]
[PlyCount "23"]
[EventDate "2023.10.08"]
[EventType "team-tourn"]
[EventRounds "11"]
[EventCountry "HUN"]
[Source "chess.hu"]
[WhiteTeam "Haladas VSE II."]
[BlackTeam "Komloi BSK"]
[WhiteTeamCountry "HUN"]
[BlackTeamCountry "HUN"]

1. e4 e5 2. Nf3 Nc6 3. Nc3 Nf6 4. d4 exd4 5. Nxd4 d6 6. Bb5 Bd7 7. O-O Be7 8.
Bxc6 bxc6 9. Qf3 O-O 10. b3 Re8 11. Bb2 Bf8 12. Rfe1 1/2-1/2

[Event "NB I. Charousek csoport"]
[Site "Szombathely"]
[Date "2023.11.26"]
[Round "4.3"]
[White "Ivan, Attila"]
[Black "Gombocz, Ferenc Jr"]
[Result "1/2-1/2"]
[WhiteElo "2210"]
[BlackElo "2319"]
[PlyCount "23"]
[EventDate "2023.10.08"]
[EventType "team-tourn"]
[EventRounds "11"]
[EventCountry "HUN"]
[Source "chess.hu"]
[WhiteTeam "Komloi BSK"]
[BlackTeam "Haladas VSE II."]
[WhiteTeamCountry "HUN"]
[BlackTeamCountry "HUN"]

1. e4 e5 2. Nf3 Nc6 3. Bb5 a6 4. Ba4 d6 5. O-O Bd7 6. c3 g6 7. d4 Bg7 8. Be3
Nf6 9. dxe5 Nxe5 10. Nxe5 dxe5 11. Bxd7+ Qxd7 12. Qxd7+ 1/2-1/2